| 000 | 00677nam a22002297a 4500 | ||
|---|---|---|---|
| 005 | 20170124110100.0 | ||
| 010 | _aB-160112 | ||
| 020 |
_c100.00 _a8123012365 |
||
| 035 | _aB-160112 | ||
| 037 | _bCen Lib/Ret | ||
| 040 |
_aDPL _bEN |
||
| 082 |
_a954.5 _bBEH |
||
| 100 |
_aBehera, K.S. _926895 |
||
| 245 |
_aKonark the black pagoda / _cby K.S. Behera |
||
| 260 |
_aNew Delhi _bPublication Division _c2005 |
||
| 270 |
_aPatiala House _bNew Delhi _e110001 |
||
| 300 |
_a125p. _c22cm(Hb) |
||
| 500 | _aIncludes bibliographical reference | ||
| 650 |
_aKonārak (India) _zIndia _926896 |
||
| 650 |
_aHindu architecture _986300 |
||
| 942 |
_2ddc _cEN _h954.5 _mBEH |
||
| 999 |
_c129610 _d129610 |
||